| 000 | 00644nam a2200253 i 4500 | ||
|---|---|---|---|
| 001 | bgj | ||
| 245 | 1 | 0 |
_aÜber Hans Carossa / _chrsg. von Volker Michels. |
| 260 |
_aFrankfurt am Main : _bSuhrkamp _c1979. |
||
| 300 |
_a445, [6] s. ; _c18 cm. |
||
| 490 | 1 |
_aSuhrkamp Taschenbuch _v497 |
|
| 504 | _aBibliogr. s. 441-[444]. | ||
| 600 | 1 | _aCAROSSA, Hans. | |
| 650 | 9 | _aBiografie | |
| 700 | 1 | _aMICHELS, Volker. | |
| 830 | _aSuhrkamp Taschenbuch | ||
| 020 | _a3518369970 | ||
| 040 | _cBPK | ||
| 041 | 0 | _ager | |
| 044 | _aDEU | ||
| 080 | _a929 | ||
| 920 | _a3-518-36997-0 | ||
| 942 | _cKS | ||
| 008 | s gw f |000 0 ger | ||
| 999 |
_c50241 _d50241 |
||
| 856 |
_uhttp://koha.tu.koszalin.pl/cgi-bin/koha/opac-detail.pl?biblionumber=50241 _yKatalog online BPK |
||